000 01354cam a22002294a 4500
005 20250605164231.0
008 250528s ||||||||||||||||||||||||d
035 _a20971
020 _a9780415567640
040 _aGR-AtMCL
_bgre
_dGR-AtMCL
_eAACR2
245 1 _aStrategic Management / The Challenge of Creating Value Second Edition
250 _a2nd
260 _bRouledge,
_c2012
300 _a670
520 _aThis textbook provides an integrated theoretical and practical approach to strategic management for value creation. Strategic Management Concepts, Managing Strategically, Strategic Management Fundamentals, Strategic Analysis, External Analysis: The Business Environment, External Analysis: The financial Environment, Internal Analysis: Managing Capabilities and Costs and Knowledge, Strategic Development, Creating Future Direction, Business-level Strategy, Corporate-level Strategy, Managing Innovation and the Dynamic Scope of the Firm, Strategy Implementation, Leading Organizational Change, Designing Organizational Architecture, Assessing Strategic Performance, Measuring Organizational Performance, Corporate Governance and Social Responsibility, Postscript.
700 1 _aFitzroy Peter
_96966
700 1 _aGhobadian Abby
_96967
700 1 _aHulbert James M
_96968
942 _cBK
999 _c6048
_d6048